Southville International School and Colleges
Your cart is empty.
  • Cart
  • Lists
    Public lists Eva Luna New books Lux_list list_1
    Your lists Log in to create your own lists
  • Log in to your account
  • Your cookies
  • Search history
Southville International School and Colleges
  • Advanced search
  • Recent comments
  • Most popular
  • Libraries

Log in to your account

Log in with GOOGLE


If you do not have an external account, but do have a local account, you can still log in:

  1. Home
  2. MARC view: The Scribner anthology of contemporary short fiction
Normal view MARC view ISBD view

The Scribner anthology of contemporary short fiction (Record no. 15311)

[ view plain ]
MARC details
000 -LEADER
fixed length control field 01824cam a2200445 a 4500
001 - CONTROL NUMBER
control field 200021
003 - CONTROL NUMBER IDENTIFIER
control field OSt
005 - DATE AND TIME OF LATEST TRANSACTION
control field 20140310182718.0
008 - FIXED-LENGTH DATA ELEMENTS--GENERAL INFORMATION
fixed length control field 990715s1999 nyu 000 1 eng
010 ## - LIBRARY OF CONGRESS CONTROL NUMBER
LC control number 99039518
020 ## - INTERNATIONAL STANDARD BOOK NUMBER
International Standard Book Number 0684857960
035 ## - SYSTEM CONTROL NUMBER
System control number (DLC) 99039518
040 ## - CATALOGING SOURCE
Original cataloging agency DLC
Transcribing agency DLC
Modifying agency DLC
043 ## - GEOGRAPHIC AREA CODE
Geographic area code n-us---
-- n-cn---
050 00 - LIBRARY OF CONGRESS CALL NUMBER
Classification number PS 648
Item number .Sc434 1999
082 00 - DEWEY DECIMAL CLASSIFICATION NUMBER
Classification number M 813.0108054
-- 21
Item number Sc3 1999
245 04 - TITLE STATEMENT
Title The Scribner anthology of contemporary short fiction
Remainder of title Fifty North American stories since 1970
Statement of responsibility, etc Williford, Lex, editors
260 ## - PUBLICATION, DISTRIBUTION, ETC. (IMPRINT)
Place of publication, distribution, etc New York
Name of publisher, distributor, etc Scribner Paperback Fiction
Date of publication, distribution, etc c1999
300 ## - PHYSICAL DESCRIPTION
Extent 671 p.
Dimensions 24 cm.
521 ## - TARGET AUDIENCE NOTE
Target audience note
526 ## - STUDY PROGRAM INFORMATION NOTE
Reading level 1210L to 1700L
541 ## - IMMEDIATE SOURCE OF ACQUISITION NOTE
-- 1
562 ## - COPY AND VERSION IDENTIFICATION NOTE
Number of copies for circulation. 1 copy available in the collection
650 #0 - SUBJECT ADDED ENTRY--TOPICAL TERM
Topical term or geographic name as entry element Short stories, American.
650 #0 - SUBJECT ADDED ENTRY--TOPICAL TERM
Topical term or geographic name as entry element Short stories, Canadian.
650 #0 - SUBJECT ADDED ENTRY--TOPICAL TERM
Topical term or geographic name as entry element American fiction
Chronological subdivision 20th century.
650 #0 - SUBJECT ADDED ENTRY--TOPICAL TERM
Topical term or geographic name as entry element Canadian fiction
Chronological subdivision 20th century.
651 #0 - SUBJECT ADDED ENTRY--GEOGRAPHIC NAME
Geographic name United States
General subdivision Social life and customs
Form subdivision Fiction.
651 #0 - SUBJECT ADDED ENTRY--GEOGRAPHIC NAME
Geographic name Canada
General subdivision Social life and customs
Form subdivision Fiction.
700 1# - ADDED ENTRY--PERSONAL NAME
Personal name Williford, Lex,
Dates associated with a name 1954-
700 1# - ADDED ENTRY--PERSONAL NAME
Personal name Martone, Michael.
856 42 - ELECTRONIC LOCATION AND ACCESS
Materials specified Contributor biographical information
Uniform Resource Identifier <a href="http://www.loc.gov/catdir/bios/simon051/99039518.html">http://www.loc.gov/catdir/bios/simon051/99039518.html</a>
856 42 - ELECTRONIC LOCATION AND ACCESS
Materials specified Publisher description
Uniform Resource Identifier <a href="http://www.loc.gov/catdir/description/simon041/99039518.html">http://www.loc.gov/catdir/description/simon041/99039518.html</a>
856 41 - ELECTRONIC LOCATION AND ACCESS
Materials specified Table of contents only
Uniform Resource Identifier <a href="http://www.loc.gov/catdir/enhancements/fy0631/99039518-t.html">http://www.loc.gov/catdir/enhancements/fy0631/99039518-t.html</a>
856 41 - ELECTRONIC LOCATION AND ACCESS
Materials specified Sample text
Uniform Resource Identifier <a href="http://www.loc.gov/catdir/enhancements/fy0641/99039518-s.html">http://www.loc.gov/catdir/enhancements/fy0641/99039518-s.html</a>
906 ## - LOCAL DATA ELEMENT F, LDF (RLIN)
a 7
b cbc
c orignew
d 1
e ocip
f 19
g y-gencatlg
942 ## - ADDED ENTRY ELEMENTS (KOHA)
Source of classification or shelving scheme Library of Congress Classification
Koha item type Books
Call number prefix
Holdings
Withdrawn status Lost status Source of classification or shelving scheme Damaged status Home library Current library Shelving location Date acquired Total Checkouts Full call number Barcode Date last seen Copy number Price effective from Koha item type
    Library of Congress Classification   College Library College Library General Circulation Section 04/20/2012   PS 648 .Sc434 1999 c2292 05/15/2018 1 04/20/2012 Books

The Scribner anthology of contemporary short fiction

APA

Williford L., Martone M., . (1999). The Scribner anthology of contemporary short fiction. New York: Scribner Paperback Fiction.

Chicago

Williford Lex, Martone Michael, . 1999. The Scribner anthology of contemporary short fiction. New York: Scribner Paperback Fiction.

Harvard

Williford L., Martone M., . (1999). The Scribner anthology of contemporary short fiction. New York: Scribner Paperback Fiction.

MLA

Williford Lex, Martone Michael, . The Scribner anthology of contemporary short fiction. New York: Scribner Paperback Fiction. 1999.

  • Place hold
  • Print
  • Cite
  • Add to your cart (remove)
  • Save record
    BIBTEX Dublin Core MARCXML MARC (non-Unicode/MARC-8) MARC (Unicode/UTF-8) MARC (Unicode/UTF-8, Standard) MODS (XML) RIS
  • More searches
    Search for this title in:
    Other Libraries (WorldCat) Other Databases (Google Scholar) Online Stores (Bookfinder.com) Open Library (openlibrary.org)

Exporting to Dublin Core...

SOUTHVILLE LIBRARY

Southville International School and Colleges Library

1281 Tropical Ave. Cor. Luxembourg St., BF Homes International, Las Pinas City

Tel. No. 8256374 / 252358 Loc. 117/146

Powered by Koha